00367nam a2200133 a 450000500170000000800410001702000180005805000180007610000190009424500600011326000310017330000090020444000200021320140412111340.0040906s19uu xx 00 eng d a0-307-44418-x aERbFl64 2001 aMackall, Dandi aThe Flintones :bNo Biz like show biz /cDandi Mackall. aNew York :bGolden,c2001. aunp. aCartoon Network